000 00393nam a2200157Ia 4500
008 230524s9999 xx 000 0 und d
082 _a621.3821
_bKOT
100 _aDeepak Kothari
245 0 _aPrinciples of Communication Engineering
250 _a1ST
260 _aNEW DELHI
_bDhanpat Rai
_c2003
300 _a402
500 _aQuantity Number: 2
650 _aElectronics
942 _cBK
999 _c20478
_d20478